Statistics for Countries Which Have the Most Countries Bordering it

Click here to take the quiz!

General Stats

  • This quiz has been taken 73 times
  • The average score is 8 of 11

Answer Stats

HintAnswer% Correct
=1. (14 Countries)Russia
97%
=1. (14 Countries)China
96%
=3. (10 Countries)Brazil
93%
=5. (9 Countries)Germany
90%
=5. (9 Countries)D.R. of the Congo
79%
=3. (10 Countries)France
72%
=7. (8 Countries)Turkey
66%
=7. (8 Countries)Austria
65%
=7. (8 Countries)Serbia
59%
=7. (8 Countries)Tanzania
35%
=7. (8 Countries)Zambia
29%

Score Distribution

Percentile by Number Answered

Percent of People with Each Score

Your Score History

You have not taken this quiz